01683nam a22002417a 4500003000900000008004100009040007100050082004500121110005500166245006800221260003200289300002900321440006800350505080300418650001601221650002501237650001901262650003001281700002901311700002601340700002001366710005501386AR-CdUCM190425b ||||| |||| 00| 0 spa d aMUNICIPALIDAD PROVINCIAL DEL CUSCOcBIBLIOTECA MUNICIPAL DEL CUSCO aRev.Univ/N°96/1949bRev.Univ/N°96/1949 aUniversidad Nacional de San Antonio Abad del Cusco aRevista Universitaria :bÓrgano de la Universidad del Cuzco / aCusco :bH.G. Rozas,c1949. a370 páginas. :c20 cm. aRevista UniversitarianAño XXXVIII, 1° semestre 1949, N°96. aContenido: Arquitectura peruana relación de viaje por Charles Wiener. -- Tito Ccosñipa. Jorge Cornejo Bouroncle. -- El factor económico social en la alfabetización del indio. Max Moscoso. -- Francisco de Vitoria. Luis Felipe Paredes. -- El arriendo y la reforma agraria en la provincia de La Convención. Carlos Ferdinad Cuadros y Villena. -- Los indios. Jorge Cornejo Bouroncle. -- Algunas de nuestras rimas infantiles. Efraín Morote Best. -- Los cargos religiosos y diferentes aspectos del programa indígena. Junia Rodríguez U. -- De la vida indígena. Baltazar la Torre. -- Un documento histórico testamento del ultimo conquistador español Don Mancio Sierra de Leguízamo. -- La reorganización de la Universidad Nacional del Cuzco. II Congreso indigenista Inter Americano. aIndigenismo aArquitectura peruana aTito Qosñipa aMancio Sierra Leguízamo aCornejo Bouroncle, Jorge aMorote Best, Efraín aWiener, Charles aUniversidad Nacional de San Antonio Abad del Cusco